Science Quiz

Random Science or Animal Quiz

Three-Letter Animals Quiz Stats

 Plays Quiz not verified by Sporcle

Score 0/20 Timer 05:00
0 Plays Today
Answer % Correct
cat
89.7%
dog
89.7%
pig
84.6%
cow
82.1%
rat
69.2%
ant
59%
bat
53.8%
bee
48.7%
owl
48.7%
fox
41%
Answer % Correct
eel
38.5%
yak
35.9%
gnu
35.9%
bug
33.3%
emu
33.3%
fly
30.8%
elk
25.6%
ray
20.5%
hen
15.4%
pug
10.3%

You're not logged in!

Compare scores with friends on all Sporcle quizzes.
OR
Log In

Sporcle TV

Today on Sporcle TV


Watch our educational content, quiz creation guides, and fun videos on Sporcle TV.

Show Comments

Extras

Created Sep 13, 2017ReportNominate
Tags:Animal Quiz

Top Quizzes Today


Score Distribution

Your Account Isn't Verified!

In order to create a playlist on Sporcle, you need to verify the email address you used during registration. Go to your Sporcle Settings to finish the process.

Report this User

Report this user for behavior that violates our Community Guidelines.

Details: